| 000 | 01074nam a2200313 i 4500 | ||
|---|---|---|---|
| 001 | bg | ||
| 003 | BPK | ||
| 005 | 20220530130211.0 | ||
| 008 | 980702s1995 pl a |000 0 pol | ||
| 015 | _aPB 1996/6015 | ||
| 020 | _a839032962X | ||
| 040 |
_aWA N _cBPK |
||
| 041 | 1 |
_apol _heng |
|
| 080 | _a336.76 | ||
| 080 | _a338.12 | ||
| 080 | _a519.67 | ||
| 100 | 1 |
_aFrost, Alfred J. _d(1908- ). |
|
| 245 | 1 | 0 |
_aTeoria fal Elliotta / _cA. J. Frost, R. R. Prechter ; przeł. [z ang.] Wojciech Madej i Krzysztof Środa. |
| 246 | 1 |
_iTyt. oryg.: _aElliott wave principle, _f1995. |
|
| 260 |
_aWarszawa : _bWIG-Press, _c1995. |
||
| 300 |
_aXVI, 278 s. : _bwykr. ; _c25 cm. |
||
| 650 | 4 | _aTeoria fal Elliota | |
| 700 | 1 | _aPrechter, Robert Rougelot. | |
| 700 | 1 |
_aMadej, Wojciech _d(1959-2010) _eTłumaczenie |
|
| 710 | 2 |
_aWIG-Press _4pbl. |
|
| 700 | 1 |
_aŚroda, Krzysztof _d(1959- ) _eTłumaczenie |
|
| 856 |
_uhttp://koha.tu.koszalin.pl/cgi-bin/koha/opac-detail.pl?biblionumber=33316 _yKatalog online BPK |
||
| 942 |
_2UKD _cKS |
||
| 999 |
_c33316 _d33316 |
||